000 00440nam a22001697a 4500
003 MPLRDC
005 20220104124032.0
008 210129b ||||| |||| 00| 0 eng d
082 _a889 LMSJ v.116
100 _a罗娜. 卡梅若
245 _a窗外的玫瑰
_c敏明译
260 _a
_b骏马文化公司
_c1983
300 _b
490 _a罗曼史集. 116
650 _a西洋小说之中文翻译
942 _cBK
_o889 LMSJ v.116
999 _c16131
_d16121